000 00406nam a22001337a 4500
008 231123b |||||||| |||| 00| 0 eng d
020 _a9780495604310
100 _aGERALD EGAN
245 _aTHE SKILLED HELPER
_bA PROBLEM MANAGEMENT AND OPPORTUNITY DEVELOPMENT APPROACH TO HELPING
250 _a9TH ED
260 _aNYK
_bCENGAGE LEARNING
_c2010
300 _aXVI, 480P, INCLUDES INDEX
942 _2lcc
_cBK
999 _c208430
_d208430